Normal view MARC view

Entry Personal Name

Number of records used in: 3

001 - CONTROL NUMBER

  • control field: 41604

003 - CONTROL NUMBER IDENTIFIER

  • control field: dpl

005 - DATE AND TIME OF LATEST TRANSACTION

  • control field: 20120211125103.0

008 - FIXED-LENGTH DATA ELEMENTS

  • fixed length control field: 120211|||a|||||| | ||| d

040 ## - CATALOGING SOURCE

  • Original cataloging agency: dpl
  • Transcribing agency: dpl

100 ## - HEADING--PERSONAL NAME

  • Personal name: Crawford, Sharon

670 ## - SOURCE DATA FOUND

  • Source citation: Work cat.: (dpl): Russel, Charlie 41603, Microsoft windows small business server 2003 administrator's companion /, 2004

670 ## - SOURCE DATA FOUND

  • Source citation: Work cat.: (dpl): Russel, Charlie 41603, Microsoft windows small business server 2003 administrator's companion /, 2004

© Delhi Public Library
Hit Counter
free hit counter